Регионална библиотека "Любен Каравелов" - Русе

Светът около мен на български и немски език (Запис номер 389244)

MARC детайли
000 -Лидер
Контролно поле с фиксирана дължина 01158nam a2200289 a 4500
003 - Код на организацията, давaща контролен номер
Контролно поле BLK
005 - Дата и час на последна редакция
Контролно поле 20230610160943.0
008 - Елементи от данни с фиксирана дължина
fixed length control field 200929b bu ||||| |||| 00| 0 bu d
020 ## - Международен стандартен номер на книга ISBN
Международен стандартен номер на книга ISBN 9786197134896
040 ## - Източник на каталожния запис
Идентификатор на билиотеката - собственик на записа BLK
041 ## - Код за език
Код за езика на текст/звукозапис или на отделно заглавие Български
Код за езика КДБФ Български
080 ## - УДК
Текстов определител УДК Издания за деца и юноши. Книжки-картинки. Читанки. Вж и 372.4
УДК код - определител по УДК 087.5
УДК - код + определител 087.5
100 ## - Редна дума - Автор
Автор Барсоти, Елеонора
Авторска отговорност първи автор
R(LIN) 1299
139 ## - Редно поле
Редна дума Барсоти, Елеонора
Авторски знак Бар - Б 26
245 ## - Сведения за заглавието
Заглавие Светът около мен на български и немски език
Редно поле (дума) Елеонора Барсоти ; прев. Емилия Драганова
260 ## - Област на издателските данни
9 (RLIN) 213788
Място на издаване, разпространение и проч. Пловдив
Име на издателя, разпространителя и проч. Коала прес
Година на издаване 2019
Издателство - префикс ISBN 978-619-7134- ; 978-954-9455-
300 ## - Физическа характеристика
Страници 24 с.
Илюстрации и др. с цв. ил.
Размери/Мащаб 31 см
380 ## - Жанр
Жанр Детска худож. лит.
501 ## - Забележка „подвързано към”
Забележка: Подвързано към... Прев. по.: The world around us.
700 ## - Други автори (авторска отговорност)
9 (RLIN) 370749
Лично име Драганова, Емилия Владимирова
Автороска отговорност (Описва отношението между автора и произведението) прев.
852 ## - Местоположение
Фондова буква Хранилище
Форматна сигнатура Цб ІІ 23690
999 ## - СИСТЕМНИ КОНТРОЛНИ НОМЕРА
Koha biblionumber 389244
Koha biblioitemnumber 389244
942 ## - АРТИКУЛИ
Вид на библиотечния материал Книги
Скрит в OPAC Не
Периодичен библиозапис Да
Koha issues (borrowed), all copies 8
944 ## - СЪЗДАВАНЕ И РЕДАКЦИЯ на ЗАПИСА
Създаване/Редакция Създаване
Дата на регистрацията/редакция 2021-11-05
Служител, извършил регистрацията/редакцията В. Т.
999 ## - СИСТЕМНИ КОНТРОЛНИ НОМЕРА
Koha biblioitemnumber 389244
999 ## - СИСТЕМНИ КОНТРОЛНИ НОМЕРА
Koha biblioitemnumber 389244
999 ## - СИСТЕМНИ КОНТРОЛНИ НОМЕРА
Koha biblioitemnumber 389244
Наличности
Код за отписване Код за изгубен артикул Източник на класификационната схема Код за повреда Коз за рестрикции Код за отдаване Артикулен № Име на библиотеката - собственик Име на библиотеката, в която се намира в момента Статус (Текущо местоположение) Дата на вписване в системата Местоположение - отдел Цена в лева Систематично азбучна сигнатура Баркод Цена в евро Служебен тип на артикула
  Не е изгубен Universal Decimal Classification Не е повреден само за читалня ползва се в читалня 802855 Регионална библиотека "Любен Каравелов" Русе Регионална библиотека "Любен Каравелов" Русе Хранилище 2020-10-06 Хранилище 5.99 Цб ІІ 23690 120000848855 3.06 Книги
  Не е изгубен Universal Decimal Classification Не е повреден без рестрикции заемане за дома 860803 Регионална библиотека "Любен Каравелов" Русе Регионална библиотека "Любен Каравелов" Русе Количка 2021-11-08 Детски отдел 4.50 821-93/Б 26 Е 120000862092 2.30 Книги
  Не е изгубен Universal Decimal Classification Не е повреден без рестрикции заемане за дома 860804 Регионална библиотека "Любен Каравелов" Русе Регионална библиотека "Любен Каравелов" Русе Детски отдел 2021-11-08 Детски отдел 4.50 821-93/Б 26 Е 120000862091 2.30 Книги
Vip Innovations Ltd, Rousse, Bulgaria 2025